000 01254nam 22002293 4500
001 32626
090 _a32626
100 _a20260324d2024 u||y0engy50 ba
101 _aeng
102 _aPT
200 _aOceano Azul Expedition to Gorringe: scientific report
_fFundação Oceano Azul
_gCoord. Emanuel Gonçalves Henrique Cabral
210 _aPortugal, Lisboa
_cFundação Oceano Azul
_d2024
215 _a207 p.
_cil. color
_d33 cm
327 _aExpedição envolveu mais de 70 investigadores e técnicos de diversas instituições científicas nacionais e internacionais. Os dados recolhidos refletem e reforçam o reconhecimento científico de excecional valor ecológico, geológico e biológico do monte submarino Gorringe e das áreas oceânicas envolventes, consolidando o conhecimento sobre mais alta montanha da Europa ocidental e dos ecossistemas que a rodeiam.
606 _aExpedição
_xOceano azul
_xGorringe
_xMonte submarino na ZEE de Portugal
_ySudoeste do cabo de São Vicente
_z2024
710 _aFundação Oceano Azul